000 01025nas a2200325 4500
001 BR2014002880
003 BR-BrBNA
005 20231205124006.0
007 ta
008 230509b bl.|||p| |||| 00| 00por d
040 _aBR-BrBNA
_bpor
_cBiblioteca Nacional de Agricultura
041 _a(Pt)
072 _aL51; L40
100 1 _aAquino, A.A.
100 1 _aSaad, F.M.O.B.
100 1 _aSantos, J.P.F.
100 1 _aLeite, C.A.L.
100 1 _aSampaio, G.R.
100 1 _aFeliciano, M.A.R.
245 1 _aEfeitos da parede de levedura em dieta úmida na microbiota fecal, na produção de gás e na morfologia intestinal de gatos adultos
650 _aGATO
650 _aDIETA
650 _aMORFOLOGIA ANIMAL
650 _aDIAGNÓSTICO
650 _aINTESTINO
650 _aRADIOGRAFIA
773 0 _tArquivo Brasileiro de Medicina Veterinária e Zootecnia (Brazil)
_xISSN 0102-0935
_g(Dec 2013), v. 65(6) p. 1673-1680
_wBR2014002880
909 _a202311
_bLúcia
_c55
_dLúcia Elande
942 _2AGRIS
_n0
_cANA
999 _c236789
_d236789